| 000 | 01116cam a2200241 a 4500 | ||
|---|---|---|---|
| 005 | 20161115121947.0 | ||
| 008 | 010730s2001 ck a r 10010 spa d | ||
| 020 | _a9589679358 | ||
| 040 |
_ala _cla _dCo-BoIAVH |
||
| 041 | 0 | _aspa | |
| 044 | _ack | ||
| 082 | 0 | 4 |
_a363.7 _bS47e |
| 111 | 2 |
_aSeminario La economía ambiental a la luz de la Política Ambiental en Colombia _d(1999 : _cVillavicencio) |
|
| 245 | 1 | 3 |
_aLa economía ambiental a la luz de la política ambiental en Colombia conceptos y aplicaciones : _bmemorias de un taller realizado los días Agosto 30 y 31 de 1999 / _c editado por Horst Wattenbach |
| 260 |
_aBogotá : _bPrograma de Ecología Tropical, Deutsche Gesellschaft, _c2001. |
||
| 300 |
_a221 páginas : _bilustraciones ; _c21 x 14 cm. |
||
| 504 | _aIncluye referencias bibliográficas. | ||
| 650 | 2 | 6 |
_aEconomía medioambiental _vCongresos, conferencias, etc. |
| 650 | 2 | 6 |
_aImpacto ambiental _xAspectos económicos _vCongresos, conferencias, etc. |
| 650 | 2 | 6 |
_aMedio ambiente _xvaloración |
| 700 | 1 |
_aWattenbach, Horst _eeditor |
|
| 942 |
_2ddc _cLIBRO |
||
| 999 |
_c4289 _d4289 |
||